=LDR 00000nam 2200000 4500 =001 INLIS000000000012161 =005 20130612103712 =008 ***********************************Ind** =035 ##$$a0010-061300000012161 =041 ##$$a Ind =082 ##$$a 553.8 =090 ##$$a 553.8, Aru r =100 ##$$a Arudhiskara, Yadi =245 ##$$a Riwayat dan khasiat batu permata, Oleh yadi Audhis kara =260 ##$$a 19...? $b Semarang =300 ##$$a 130 hlm, 16 cm =650 ##$$a Permata =850 ##$$a NBPNMAT =990 ##$$a 21400613/BPAP-NTB/20142014